Bí quyết phát huy nhiệt huyết nhân viên : Gung ho! Turn on the people in any organization

Nội dung sách cung cấp cách quản lý nhân viên, những bí quyết thật sự để trở thành một nhà quản lý thành công là khám phá khả năng giải quyết công việc của từng người, tìm cách tận dụng và phát huy điểm mạnh của các hnàh vi tự nhiên ơ...

詳細記述

保存先:
書誌詳細
第一著者: Blanchard, Ken
フォーマット: 図書
言語:Undetermined
出版事項: Hà Nội Trẻ 2008
主題:
タグ: タグ追加
タグなし, このレコードへの初めてのタグを付けませんか!
Thư viện lưu trữ: Trung tâm Học liệu Trường Đại học Cần Thơ
LEADER 01156nam a2200217Ia 4500
001 CTU_132413
008 210402s9999 xx 000 0 und d
020 |c 22000 
082 |a 658.314 
082 |b B639 
100 |a Blanchard, Ken 
245 0 |a Bí quyết phát huy nhiệt huyết nhân viên : 
245 0 |b Gung ho! Turn on the people in any organization 
245 0 |c Ken Blanchard, Sheldon Bowles ; Việt Hà, Thu An dịch 
260 |a Hà Nội 
260 |b Trẻ 
260 |c 2008 
520 |a Nội dung sách cung cấp cách quản lý nhân viên, những bí quyết thật sự để trở thành một nhà quản lý thành công là khám phá khả năng giải quyết công việc của từng người, tìm cách tận dụng và phát huy điểm mạnh của các hnàh vi tự nhiên ở mổi cá nhân đó. 
650 |a Organizational behavior,Employee motivation,Industrial management,Thái độ tổ chức,Quản trị doanh nghiệp 
904 |i Tuyến 
980 |a Trung tâm Học liệu Trường Đại học Cần Thơ